000 00282nam a2200121Ia 4500
008 190216s9999||||xx |||||||||||||| ||und||
100 _aYekatha Naayi
245 0 _aHindi-Shareerik Siksha Ke Sidha
260 _bSorba Publications
300 _a160
650 _aHindi
942 _cBK
999 _c16344
_d16344